00377nam a2200157Ia 45000010006000000050017000060080041000230410008000640820015000721000042000872450034001292600009001633000031001726500008002036540008002111877320260306171655.0260306s9999||||xx |||||||||||||| ||und|| aESP a658.5bE79 aEscudero Serrano, María JoséeAUT 0aLogística de almacenamiento c2014 ax, 371 páginas :c27 cm. aGEN aCAN